Un modelo de análisis de eficiencias en cuadrillas
में बचाया:
| मुख्य लेखक: | |
|---|---|
| स्वरूप: | अज्ञात |
| प्रकाशित: |
[San José, Costa Rica]
1980
|
| विषय: | |
| टैग: |
टैग जोड़ें
कोई टैग नहीं, इस रिकॉर्ड को टैग करने वाले पहले व्यक्ति बनें!
|
MARC
| LEADER | 00000 a2200000 4500 | ||
|---|---|---|---|
| 003 | 001196 | ||
| 005 | 20221231143740.0 | ||
| 008 | 140114s1980 cr a m 000 ||s d | ||
| 040 | |c cru CEDI | ||
| 090 | |a TFG 955 | ||
| 100 | |a Garro Vargas, Daniel |9 15999 | ||
| 245 | |a Un modelo de análisis de eficiencias en cuadrillas | ||
| 260 | |c 1980 |a [San José, Costa Rica] | ||
| 300 | |a 284 hojas : ilustraciones (1 plegables) ; 28 cm | ||
| 500 | |a Proyecto final para graduación--Universidad de Costa Rica. Facultad de Ingeniería. Escuela de Ingeniería Civil. | ||
| 650 | |x MANO DE OBRA - PLANIFICACION - COSTA RICA |9 16000 | ||
| 942 | |c TFG | ||
| 999 | |c 11225 |d 11225 | ||
